000 00790nas a2200265 4500
001 BR8006248
003 BR-BrBNA
005 20231205084413.0
007 ta
008 230509b bl.|||p| |||| 00| 00por d
040 _aBR-BrBNA
_bpor
_cBiblioteca Nacional de Agricultura
041 _a(Pt)
072 _aL70
100 1 _aMello, J.R.B. de
100 1 _aMartins, J. de M.
245 1 _aRelato de um caso de anastomose de carotida em equino
650 _aVETERINARIA
650 _aCIRURGIA
650 _aARTERIA
650 _aANASTOMOSE
650 _aEQUINO
773 0 _tArquivos da Faculdade de Veterinaria da Universidade Federal do Rio Grande do Sul (Brazil)
_x
_g(Dec 1980), v. 8 p. 169-172
_wBR8006248
909 _a202311
_bLúcia
_c55
_dLúcia Elande
942 _2AGRIS
_n0
_cANA
999 _c105003
_d105003